000 00462nam a2200193Ia 4500
005 20250423095649.0
008 250422s9999 xx 000 0 und d
020 _a9782049581
050 _aHF 5549 .B36/
100 _aBanjoko, S. A.
245 0 _aHuman resource management: an expository approach
250 _a3rd ed.
260 _aLagos
260 _bPumark
260 _c2011
300 _a232 p
650 _aPersonnel management.
942 _cBK
999 _c30959
_d30959